Ładuje się......
Romans et contes /
| 1. autor: | |
|---|---|
| Język: | Undetermined |
| Wydane: |
Rene Groos :
Texte Etabli Et annote Par ,
|
| LEADER | 00399nam a2200121Ia 4500 | ||
|---|---|---|---|
| 001 | 169702 | ||
| 008 | 170722s9999 xx 000 0 und d | ||
| 100 | |a Voltaire | ||
| 245 | |a Romans et contes / | ||
| 260 | |a Rene Groos : |b Texte Etabli Et annote Par , | ||
| 942 | |c GEN | ||
| 999 | |c 32306 |d 32306 | ||
| 952 | |0 0 |1 0 |4 0 |6 O_1223K94R_G8 |7 0 |8 LC1 |9 41163 |a LIB |b LIB |d 2017-08-12 |h LC1 |o O122,3K94,R G8 |p 17587 |r 2017-08-12 |w 2017-08-12 |y GEN | ||